|
|
|
|
| LEADER |
01922nam a2200313 i 4500 |
| 001 |
GR-MES1822 |
| 003 |
GR-PaULI |
| 005 |
20240724111518.0 |
| 008 |
991111s1995 gr g 000 0 gre d |
| 020 |
|
|
|a 9603510637
|q (set)
|
| 020 |
|
|
|a 9603510610
|q (τ. 1)
|
| 020 |
|
|
|a 9603510629
|q (τ. 2)
|
| 040 |
|
|
|a GrPaTEI
|b gre
|c GR-PaULI
|e AACR2
|
| 082 |
0 |
4 |
|a 658
|2 23
|
| 100 |
1 |
|
|9 12549
|a Φαναριώτης, Παναγιώτης Ι.
|e συγγραφέας.
|
| 245 |
1 |
0 |
|a Αρχές διοικήσεως επιχειρήσεων :
|b εισαγωγή στο σύγχρονο management /
|c Π. Φαναριώτη.
|
| 260 |
|
|
|a Αθήνα :
|b Σταμούλης,
|c 1995.
|
| 300 |
|
|
|a 2 τ. ;
|c 24 εκ.
|
| 500 |
|
|
|a τ. 1. - 323, [1] σ. -- τ. 2. - 310, [1] σ.
|
| 504 |
|
|
|a Περιλαμβάνει βιβλιογραφικές παραπομπές.
|
| 650 |
|
4 |
|a Διοίκηση επιχειρήσεων
|9 54
|
| 650 |
|
4 |
|a Διοίκηση και οργάνωση
|9 53
|
| 942 |
|
|
|2 ddc
|c BK
|
| 952 |
|
|
|0 0
|1 0
|2 ddc
|3 τ. 2
|4 0
|6 658_000000000000000_ΦΑΝ
|7 0
|9 265998
|a MSLG
|b MSLG
|c BSC
|d 2021-01-17
|e 24
|f 0
|g 0.00
|i 6626
|l 0
|o 658 ΦΑΝ
|p 2420000006626
|r 2021-01-17 00:00:00
|t 1
|w 2021-01-17
|y BK15
|x 19991111 0 1
|x GrPaTEI
|
| 952 |
|
|
|0 0
|1 0
|2 ddc
|3 τ. 2
|4 0
|6 658_000000000000000_ΦΑΝ
|7 0
|9 265999
|a MSLG
|b MSLG
|c BSC
|d 2021-01-17
|e 24
|f 0
|g 0.00
|i 17528
|l 0
|o 658 ΦΑΝ
|p 2420000017528
|r 2021-01-17 00:00:00
|t 2
|w 2021-01-17
|y BK15
|x 20000201 0 1
|x GrPaTEI
|
| 952 |
|
|
|0 0
|1 0
|2 ddc
|3 τ. 1
|4 0
|6 658_000000000000000_ΦΑΝ
|7 0
|9 266111
|a MSLG
|b MSLG
|c BSC
|d 2021-01-17
|e 24
|f 0
|g 0.00
|i 6624
|l 0
|o 658 ΦΑΝ
|p 2420000006624
|r 2021-01-17 00:00:00
|t 1
|w 2021-01-17
|y BK15
|x 19991111 0 1
|x GrPaTEI
|
| 952 |
|
|
|0 0
|1 0
|2 ddc
|3 τ. 1
|4 0
|6 658_000000000000000_ΦΑΝ
|7 0
|9 266112
|a MSLG
|b MSLG
|c BSC
|d 2021-01-17
|e 24
|f 0
|g 0.00
|i 17547
|l 0
|o 658 ΦΑΝ
|p 2420000017547
|r 2021-01-17 00:00:00
|t 2
|w 2021-01-17
|y BK15
|x 20000125 0 1
|x GrPaTEI
|
| 998 |
|
|
|c ΑΔΑΜΟΠΟΥΛΟΥ
|d 2024-07
|
| 999 |
|
|
|c 153019
|d 153019
|